000 01077namaa2200301 i 4500
003 EG-GICUC
005 20260604100851.0
008 260604s2004 ua ||||jr|||| 000 j ara d
017 _a2004 / 2050
_bدار الكتب والوثائق القومية (مصر)
040 _aEG-GiCUC
_bara
_cEG-GiCUC
_dEG-GiCUC
_erda
043 _af-ua---
082 0 4 _221
_a813.008
_bH139
092 0 4 _221
_a813.008
_bH139
099 _a813.008 H139
100 1 _aعبد الحفيظ، صبرى
_eمؤلف.
245 1 0 _aموكب الجنون :
_bقصص /
_cصبرى عبد الحفيظ
264 _aالقاهرة (مصر) :
_bالمجلس الأعلى للثقافة،
_c[2004]
300 _a79 صفحة
_b؛
_c24 سم
336 _2rdacontent
_atext
337 _2rdamedia
_aUnmediated
338 _2rdacarrier
_avolume
490 _aالكتاب الأول ؛
_v71
541 _aوزارة الثقافة ؛
_bالقاهرة ؛
_cإهداء ؛
_d2023.
650 1 7 _aالقصص العربية
_vمجموعات
_2qrmak
651 1 _2qrmak
905 _aNermeen
942 _2ddc
_cBK
_e21
_n0
999 _c180362
_d180362